भारतीय काव्य विमर्श (Record no. 8002)
[ view plain ]
| 000 -LEADER | |
|---|---|
| fixed length control field | 00752 a2200169 4500 |
| 001 - CONTROL NUMBER | |
| control field | 134389 |
| 003 - CONTROL NUMBER IDENTIFIER | |
| control field | OSt |
| 005 - DATE AND TIME OF LATEST TRANSACTION | |
| control field | 20210922105537.0 |
| 008 - FIXED-LENGTH DATA ELEMENTS--GENERAL INFORMATION | |
| fixed length control field | |
| 082 ## - DEWEY DECIMAL CLASSIFICATION NUMBER | |
| Classification number | 891.431009 |
| Item number | T73B |
| 100 1# - MAIN ENTRY--PERSONAL NAME | |
| Personal name | त्रिपाठी, राममूर्ति |
| 245 1# - TITLE STATEMENT | |
| Title | भारतीय काव्य विमर्श |
| Statement of responsibility, etc | by राममूर्ति त्रिपाठी |
| 260 ## - PUBLICATION, DISTRIBUTION, ETC. (IMPRINT) | |
| Place of publication, distribution, etc | नई दिल्ली |
| Name of publisher, distributor, etc | वाणी प्रकाशन |
| Date of publication, distribution, etc | 2009 |
| 300 ## - PHYSICAL DESCRIPTION | |
| Extent | 445p. |
| 690 ## - LOCAL SUBJECT ADDED ENTRY--TOPICAL TERM (OCLC, RLIN) | |
| Topical term or geographic name as entry element | काव्य में अलंकार; काव्य में सौन्दर्य; काव्य - सिद्धान्त; काव्यशास्त्र - समीक्षा |
| 942 ## - ADDED ENTRY ELEMENTS (KOHA) | |
| Source of classification or shelving scheme | Dewey Decimal Classification |
| Koha item type | Books |
| Withdrawn status | Lost status | Source of classification or shelving scheme | Damaged status | Not for loan | Collection code | Home library | Current library | Date acquired | Source of acquisition | Cost, normal purchase price | Total Checkouts | Full call number | Barcode | Date last seen | Date checked out | Price effective from | Koha item type |
|---|---|---|---|---|---|---|---|---|---|---|---|---|---|---|---|---|---|
| Dewey Decimal Classification | General Text Book | Central University Of Rajasthan | Central University Of Rajasthan | 09/10/2012 | HND | 495.00 | 2 | 891.431009 T73B | 8119 | 17/12/2024 | 10/12/2024 | 02/09/2020 | Books |
